Geography Quiz

Random Geography or World Quiz
Score 0/30 Timer 10:00
1 Play Today
Hint Answer % Correct
This continent contains no answers on the Deserts quizEurope
85.1%
The number of countries in Antarctica0
66.4%
Rio Rancho, Las Cruces and Carlsbad are found in this US stateNew Mexico
62%
The country that borders Latvia, Lithuania, Poland, Russia and UkraineBelarus
58.1%
The largest oil producer among South American countriesVenezuela
54.1%
Phuket is an island of this countryThailand
53.8%
This European country has the highest rate of beer consumptionCzechia
47%
This 4 letter African country also has a 4 letter capitalTogo
46.7%
The only 4 letter country in the top 25 in the world in populationIran
45.5%
Any of the 4 non-island countries with no militaryAndorra, Costa Rica, Liechtenstein, Vatican City
42.8%
Last alphabetically among countries starting with 'B'Burundi
37.8%
This country is known as Suomi to the local peopleFinland
36.9%
The only non-African country ranked in the top 20 in the world in AIDS/HIV infection rateBahamas
32.3%
The most sparsely populated country of OceaniaAustralia
32.3%
The capital of TasmaniaHobart
31.2%
Hint Answer % Correct
This province borders Minnesota, North Dakota, Nunavut, Ontario and SaskatchewanManitoba
28.5%
The most populous multi word US state capitalOklahoma City
27.6%
The most densely populated country with over one million inhabitantsSingapore
26.9%
This country's flag has an AK-47 on itMozambique
26.9%
This country has the highest debt in Africa (% of GDP)Zimbabwe
24.7%
Ostankino Tower is the tallest building in this European cityMoscow
23.5%
This country produces the vast majority of the world's asparagus, spinach and cabbageChina
22.8%
The most populous world capital (metro) beginning with SSeoul
21.6%
The most populous one neighbor country (excluding dependencies)United Kingdom
21%
The smallest Asian country by area sizeMaldives
20.8%
The only OPEC country that borders the Pacific OceanEcuador
19.4%
The northernmost world capital not located in EuropeNur-Sultan
14%
The only one of the world's 25 longest rivers in AustraliaMurray-Darling
13.2%
This country has the highest male to female ratioUnited Arab Emirates
11.7%
The tallest peak in South AmericaAconcagua
11.3%
Remove Ads.
Support Sporcle.
Get the best of Sporcle when you Go Orange. This ad-free experience offers more features, more stats, and more fun while also helping to support Sporcle. Thank you for becoming a member.

You're not logged in!

Compare scores with friends on all Sporcle quizzes.
OR
Log In

Sporcle TV

Today on Sporcle TV


Watch our educational content, quiz creation guides, and fun videos on Sporcle TV.

Show Comments

Extras

Top Quizzes Today


Score Distribution

Paid Content

Your Account Isn't Verified!

In order to create a playlist on Sporcle, you need to verify the email address you used during registration. Go to your Sporcle Settings to finish the process.

Report this User

Report this user for behavior that violates our Community Guidelines.

Details: